| Поле | Инд. | ПП | Название | Значение |
|---|---|---|---|---|
| Тип записи | a | |||
| Библиографический уровень | a | |||
| 001 | Контрольный номер | RU/IS/BASE/262108481 | ||
| 005 | Дата корректировки | 20240116094205.7 | ||
| 084 | a | Индекс другой классификации/Индекс ББК | 63.52(2Рос5=Рус) | |
| 090 | 00 | a | Полочн. индекс | 63.5(2=Рус) |
| x | Авторский знак | Р 893 | ||
| 100 | 10 | a | Автор | Давыдова Г. М. |
| 245 | 00 | a | Заглавие | Русские Сибири |
| 650 | 04 | a | Основная рубрика | исторические науки |
| a | Основная рубрика | этнология (этнография) | ||
| 653 | 00 | a | Ключевые слова | антропологический тип |
| a | Ключевые слова | бухтарминцы | ||
| a | Ключевые слова | историческая этнология (историческая этнография) | ||
| a | Ключевые слова | камчадалы | ||
| a | Ключевые слова | кержаки | ||
| a | Ключевые слова | метисные группы | ||
| a | Ключевые слова | народы | ||
| a | Ключевые слова | население | ||
| a | Ключевые слова | Россия | ||
| a | Ключевые слова | русские | ||
| a | Ключевые слова | русские группы | ||
| a | Ключевые слова | Русский Север | ||
| a | Ключевые слова | Сибирь | ||
| a | Ключевые слова | старообрядцы | ||
| 773 | 00 | d | Дата издания источника | Москва, 1999 |
| g | Прочая информация | С. 75-79 | ||
| t | Заглавие источника | Русские | ||
| w | Контрольный № источника | RU/IS/BASE/102094566 | ||
| 901 | t | Тип документа | a |